000 00557nam a2200181Ia 4500
005 20260429111952.0
008 260429s9999||||xx |||||||||||||| ||und||
020 _a9781071871942
041 _aEnglish
082 _a001.42
_bAGU
100 _aAguinis, Herman
245 0 _aResearch methodology :
_bbest practices for rigorous, credible, and impactful research /
_cHerman Aguinis
260 _aUnited Kingdom :
_bSage Publications,
_c2025.
300 _axix, 582 p.; pbk
650 _a Research methodology
650 _aResearch methods
942 _cTB
999 _c51671
_d51671